[Event "European Youth Chess Championship G16"]
[Site "Prague, Top Hotel Prague"]
[Date "2012.08.18"]
[Round "2.1"]
[White "Hoare, Amy B"]
[Black "Varga, Melinda"]
[Result "0-1"]
[PlyCount "0"]
[BlackElo "2232"]
[WhiteElo "1958"]

1. e4 {[%clk 1:30:58]} c6 {[%clk 1:30:57]} 2. c4 {[%clk 1:31:23]} d5
{[%clk 1:31:23]} 3. cxd5 {[%clk 1:31:48]} cxd5 {[%clk 1:31:48]} 4. exd5
{[%clk 1:32:12]} Nf6 {[%clk 1:32:13]} 5. Nc3 {[%clk 1:32:36]} Nxd5
{[%clk 1:32:29]} 6. Nf3 {[%clk 1:32:58]} Nxc3 {[%clk 1:32:53]} 7. bxc3
{[%clk 1:33:15]} g6 {[%clk 1:32:32]} 8. d4 {[%clk 1:31:45]} Bg7 {[%clk 1:32:49]}
9. Bd3 {[%clk 1:29:54]} Nc6 {[%clk 1:32:31]} 10. O-O {[%clk 1:27:17]} O-O
{[%clk 1:32:55]} 11. Re1 {[%clk 1:19:51]} Bg4 {[%clk 1:29:29]} 12. Rb1
{[%clk 1:07:16]} Qc7 {[%clk 0:52:17]} 13. h3 {[%clk 0:32:26]} Be6
{[%clk 0:44:14]} 14. Qa4 {[%clk 0:21:07]} a6 {[%clk 0:37:30]} 15. Ng5
{[%clk 0:16:32]} Bd5 {[%clk 0:27:24]} 16. Be4 {[%clk 0:11:48]} b5
{[%clk 0:23:17]} 17. Qc2 {[%clk 0:10:58]} Rfd8 {[%clk 0:21:47]} 18. Bxd5
{[%clk 0:08:59]} Rxd5 {[%clk 0:22:08]} 19. Qe4 {[%clk 0:06:42]} Rad8
{[%clk 0:19:33]} 20. Qh4 {[%clk 0:06:05]} h6 {[%clk 0:19:07]} 21. Ne4
{[%clk 0:05:53]} Rh5 {[%clk 0:17:12]} 22. Qf4 {[%clk 0:04:58]} Qxf4
{[%clk 0:14:11]} 23. Bxf4 {[%clk 0:05:21]} Rhd5 {[%clk 0:14:02]} 24. a4
{[%clk 0:03:37]} e5 {[%clk 0:11:49]} 25. dxe5 {[%clk 0:03:21]} Nxe5
{[%clk 0:11:55]} 26. Be3 {[%clk 0:02:09]} Nd3 {[%clk 0:11:10]} 27. Re2
{[%clk 0:01:45]} f5 {[%clk 0:11:00]} 28. Nd2 {[%clk 0:01:45]} Bxc3
{[%clk 0:10:15]} 29. axb5 {[%clk 0:01:43]} axb5 {[%clk 0:10:17]} 30. Bxh6
{[%clk 0:01:33]} b4 {[%clk 0:08:58]} 31. Nb3 {[%clk 0:01:17]} f4 {[%clk 0:08:24]}
32. h4 {[%clk 0:01:05]} Bf6 {[%clk 0:08:01]} 33. g3 {[%clk 0:00:54]} f3
{[%clk 0:04:35]} 34. Re6 {[%clk 0:01:00]} Kf7 {[%clk 0:03:11]} 35. Rxf6+
{[%clk 0:00:39]} Kxf6 {[%clk 0:03:37]} 36. Bg5+ {[%clk 0:01:05]} Rxg5
{[%clk 0:03:54]} 37. hxg5+ {[%clk 0:01:30]} Kxg5 {[%clk 0:03:27]} 38. Nd2
{[%clk 0:01:03]} Ne5 {[%clk 0:02:59]} 39. Ne4+ {[%clk 0:01:07]} Kf5
{[%clk 0:02:37]} 40. Nc5 {[%clk 0:30:44]} Rd2 {[%clk 0:31:43]} 41. Nb3
{[%clk 0:23:31]} Rd6 {[%clk 0:28:51]} 42. Nc5 {[%clk 0:19:59]} Rd5
{[%clk 0:27:48]} 43. Nb3 {[%clk 0:18:33]} Nc6 {[%clk 0:25:10]} 44. Re1
{[%clk 0:15:07]} Nd4 {[%clk 0:16:53]} 45. Re3 {[%clk 0:09:30]} Nxb3
{[%clk 0:11:19]} 46. Rxf3+ {[%clk 0:09:14]} Ke4 {[%clk 0:11:44]} 47. Rxb3
{[%clk 0:09:38]} Rb5 {[%clk 0:10:58]} 48. Kf1 {[%clk 0:07:58]} Kd4
{[%clk 0:11:24]} 49. Ke2 {[%clk 0:07:59]} Kc4 {[%clk 0:11:51]} 50. Rb1
{[%clk 0:03:52]} b3 {[%clk 0:11:30]} 51. Kd2 {[%clk 0:01:36]} Rd5+
{[%clk 0:11:32]} 52. Ke2 {[%clk 0:01:18]} Kc3 {[%clk 0:10:39]} 53. Rc1+
{[%clk 0:01:20]} Kb4 {[%clk 0:10:41]} 54. Rb1 {[%clk 0:00:47]} Kc3
{[%clk 0:09:02]} 55. Rc1+ {[%clk 0:01:04]} Kb2 {[%clk 0:09:26]} 56. Rc6
{[%clk 0:01:17]} g5 {[%clk 0:07:12]} 57. f4 {[%clk 0:00:56]} Kb1 {[%clk 0:01:59]}
58. Rc7 {[%clk 0:00:55]} gxf4 {[%clk 0:00:43]} 59. gxf4 {[%clk 0:01:17]} Rb5
{[%clk 0:01:04]} 60. Kd2 {[%clk 0:01:08]} b2 {[%clk 0:00:56]} 61. Rc6
{[%clk 0:00:36]} Ka2 {[%clk 0:00:39]} 62. Rc2 {[%clk 0:00:39]} Ka1 0-1

[Event "European Youth Chess Championship G16"]
[Site "Prague, Top Hotel Prague"]
[Date "2012.08.18"]
[Round "2.2"]
[White "Osmanodja, Filiz"]
[Black "Cosman, Andreea-Marioara"]
[Result "1-0"]
[PlyCount "0"]
[BlackElo "1921"]
[WhiteElo "2199"]

1. e4 {[%clk 1:30:58]} c5 {[%clk 1:30:51]} 2. Nc3 {[%clk 1:31:09]} Nc6
{[%clk 1:31:15]} 3. Nf3 {[%clk 1:31:21]} e5 {[%clk 1:28:12]} 4. Bc4
{[%clk 1:30:39]} d6 {[%clk 1:23:42]} 5. d3 {[%clk 1:31:02]} Be6 {[%clk 1:21:51]}
6. Ng5 {[%clk 1:07:29]} Bxc4 {[%clk 1:21:51]} 7. dxc4 {[%clk 1:07:49]} Be7
{[%clk 1:16:50]} 8. Nf3 {[%clk 0:56:47]} Nd4 {[%clk 1:15:10]} 9. Nd5
{[%clk 0:50:25]} Nf6 {[%clk 1:12:41]} 10. Nxe7 {[%clk 0:46:31]} Qxe7
{[%clk 1:11:32]} 11. c3 {[%clk 0:44:57]} Nxf3+ {[%clk 1:11:41]} 12. Qxf3
{[%clk 0:43:26]} Qe6 {[%clk 1:11:07]} 13. Qd3 {[%clk 0:40:14]} O-O
{[%clk 1:06:49]} 14. O-O {[%clk 0:39:58]} Nd7 {[%clk 0:46:36]} 15. Rd1
{[%clk 0:35:12]} Nb6 {[%clk 0:46:11]} 16. b3 {[%clk 0:35:17]} Rad8
{[%clk 0:43:19]} 17. Be3 {[%clk 0:30:01]} Rd7 {[%clk 0:38:49]} 18. f3
{[%clk 0:18:06]} f5 {[%clk 0:24:47]} 19. Rd2 {[%clk 0:15:38]} f4 {[%clk 0:20:11]}
20. Bf2 {[%clk 0:16:01]} Rc8 {[%clk 0:13:13]} 21. Kf1 {[%clk 0:10:05]} Kf7
{[%clk 0:11:43]} 22. Ke2 {[%clk 0:09:27]} Rg8 {[%clk 0:06:30]} 23. g4
{[%clk 0:05:43]} h5 {[%clk 0:04:17]} 24. gxh5 {[%clk 0:04:24]} Qh3
{[%clk 0:03:34]} 25. Rdd1 {[%clk 0:02:39]} Qxh5 {[%clk 0:02:38]} 26. h4
{[%clk 0:02:07]} g5 {[%clk 0:01:48]} 27. hxg5 {[%clk 0:02:34]} Qxg5
{[%clk 0:01:00]} 28. a4 {[%clk 0:02:00]} Rgd8 {[%clk 0:00:32]} 29. Rh1
{[%clk 0:01:29]} Rc8 {[%clk 0:00:33]} 30. a5 {[%clk 0:01:12]} Na8
{[%clk 0:00:54]} 31. Rag1 {[%clk 0:01:18]} Qf6 {[%clk 0:00:36]} 32. Rh7+
{[%clk 0:01:30]} 1-0

[Event "European Youth Chess Championship G16"]
[Site "Prague, Top Hotel Prague"]
[Date "2012.08.18"]
[Round "2.3"]
[White "Pastuszko, Kinga"]
[Black "Nicolas Zapata, Irene"]
[Result "0-1"]
[PlyCount "0"]
[BlackElo "2197"]
[WhiteElo "1946"]

1. e4 {[%clk 1:30:58]} c5 {[%clk 1:30:56]} 2. Nf3 {[%clk 1:31:20]} d6
{[%clk 1:31:20]} 3. d4 {[%clk 1:31:41]} cxd4 {[%clk 1:31:44]} 4. Nxd4
{[%clk 1:32:03]} Nf6 {[%clk 1:32:09]} 5. Nc3 {[%clk 1:32:21]} g6 {[%clk 1:32:31]}
6. Be3 {[%clk 1:32:06]} a6 {[%clk 1:31:42]} 7. f3 {[%clk 1:31:35]} h5
{[%clk 1:31:18]} 8. Qd2 {[%clk 1:31:33]} Bg7 {[%clk 1:31:34]} 9. O-O-O
{[%clk 1:30:15]} b5 {[%clk 1:30:06]} 10. Bd3 {[%clk 1:22:21]} Nbd7
{[%clk 1:15:37]} 11. Rhe1 {[%clk 1:12:53]} Bb7 {[%clk 1:14:41]} 12. Kb1
{[%clk 0:50:31]} Rc8 {[%clk 1:09:59]} 13. Bg1 {[%clk 0:46:59]} Ne5
{[%clk 0:59:47]} 14. f4 {[%clk 0:37:01]} Nxd3 {[%clk 0:45:15]} 15. cxd3
{[%clk 0:33:04]} Bh6 {[%clk 0:31:16]} 16. Qf2 {[%clk 0:23:46]} b4
{[%clk 0:18:56]} 17. Nce2 {[%clk 0:20:48]} Qa5 {[%clk 0:13:13]} 18. Nb3
{[%clk 0:18:23]} Qa4 {[%clk 0:13:23]} 19. Rc1 {[%clk 0:09:42]} O-O
{[%clk 0:12:50]} 20. Rxc8 {[%clk 0:07:59]} Rxc8 {[%clk 0:12:32]} 21. Rc1
{[%clk 0:08:18]} Qb5 {[%clk 0:11:34]} 22. Rxc8+ {[%clk 0:07:33]} Bxc8
{[%clk 0:12:03]} 23. Nec1 {[%clk 0:07:55]} Kh7 {[%clk 0:07:31]} 24. h3
{[%clk 0:07:23]} Bg7 {[%clk 0:07:30]} 25. Qf3 {[%clk 0:06:54]} Bb7
{[%clk 0:06:02]} 26. g4 {[%clk 0:06:47]} Bc8 {[%clk 0:05:15]} 27. f5
{[%clk 0:05:23]} hxg4 {[%clk 0:03:53]} 28. hxg4 {[%clk 0:05:46]} Qe5
{[%clk 0:03:16]} 29. Bd4 {[%clk 0:04:48]} Qh2 {[%clk 0:03:40]} 30. g5
{[%clk 0:02:25]} Qh5 {[%clk 0:03:01]} 31. Qf4 {[%clk 0:01:31]} Qg4
{[%clk 0:03:41]} 32. Qh2+ {[%clk 0:01:21]} Nh5 {[%clk 0:03:52]} 33. f6
{[%clk 0:00:46]} Bf8 {[%clk 0:02:45]} 34. Qf2 {[%clk 0:00:45]} Qxg5
{[%clk 0:02:19]} 35. fxe7 {[%clk 0:01:11]} Qxe7 {[%clk 0:02:45]} 36. Qd2
{[%clk 0:01:13]} Qb7 {[%clk 0:02:39]} 37. Na5 {[%clk 0:00:55]} Qb5
{[%clk 0:02:42]} 38. Nc4 {[%clk 0:01:14]} Be6 {[%clk 0:02:54]} 39. b3
{[%clk 0:01:12]} Bh6 {[%clk 0:02:49]} 40. Qc2 {[%clk 0:30:36]} Bxc4
{[%clk 0:32:26]} 41. bxc4 {[%clk 0:28:56]} Qg5 {[%clk 0:31:05]} 42. Nb3
{[%clk 0:29:11]} Nf4 {[%clk 0:25:34]} 43. Be3 {[%clk 0:22:45]} Qg3
{[%clk 0:23:38]} 44. Qd2 {[%clk 0:22:17]} Qf3 {[%clk 0:23:06]} 45. Kc2
{[%clk 0:20:18]} Qf1 {[%clk 0:20:38]} 46. c5 {[%clk 0:08:47]} dxc5
{[%clk 0:19:15]} 47. Nxc5 {[%clk 0:08:47]} a5 {[%clk 0:15:26]} 48. Nd7
{[%clk 0:07:14]} Qa1 {[%clk 0:07:29]} 49. Bxf4 {[%clk 0:03:22]} Qxa2+
{[%clk 0:07:55]} 50. Kc1 {[%clk 0:03:23]} Qa1+ {[%clk 0:07:50]} 51. Kc2
{[%clk 0:03:24]} Qa4+ {[%clk 0:07:25]} 52. Kb2 {[%clk 0:02:57]} Bxf4
{[%clk 0:05:25]} 53. Nf8+ {[%clk 0:00:36]} Kg8 {[%clk 0:05:19]} 54. Qxf4
{[%clk 0:01:04]} Qa3+ {[%clk 0:05:43]} 55. Kc2 {[%clk 0:00:51]} b3+
{[%clk 0:05:26]} 56. Kd2 {[%clk 0:00:57]} Qxf8 {[%clk 0:05:48]} 57. Qe5
{[%clk 0:01:13]} Qb4+ {[%clk 0:05:53]} 58. Ke2 {[%clk 0:01:33]} b2
{[%clk 0:04:03]} 59. Qe8+ {[%clk 0:01:47]} Kg7 {[%clk 0:04:14]} 60. Qe5+
{[%clk 0:02:14]} Kh7 {[%clk 0:04:19]} 0-1

[Event "European Youth Chess Championship G16"]
[Site "Prague, Top Hotel Prague"]
[Date "2012.08.18"]
[Round "2.4"]
[White "Tantsiura, Marja"]
[Black "Turk, Tajana"]
[Result "1-0"]
[PlyCount "0"]
[BlackElo "1907"]
[WhiteElo "2193"]

1. e4 {[%clk 1:30:58]} c5 {[%clk 1:30:55]} 2. Nf3 {[%clk 1:31:25]} e6
{[%clk 1:31:21]} 3. d4 {[%clk 1:31:51]} cxd4 {[%clk 1:31:45]} 4. Nxd4
{[%clk 1:32:18]} a6 {[%clk 1:32:10]} 5. Bd3 {[%clk 1:32:45]} Bc5 {[%clk 1:32:36]}
6. Nb3 {[%clk 1:33:11]} Be7 {[%clk 1:33:02]} 7. Qg4 {[%clk 1:33:38]} Bf6
{[%clk 1:33:28]} 8. c3 {[%clk 1:30:43]} Ne7 {[%clk 1:33:01]} 9. Be3
{[%clk 1:26:31]} Nbc6 {[%clk 1:29:17]} 10. Qe2 {[%clk 1:10:59]} d6
{[%clk 1:18:03]} 11. a4 {[%clk 1:08:14]} Ng6 {[%clk 1:12:38]} 12. f4
{[%clk 1:04:06]} e5 {[%clk 1:02:50]} 13. f5 {[%clk 0:52:43]} Nf4 {[%clk 1:02:24]}
14. Qf1 {[%clk 0:51:22]} Bg5 {[%clk 0:58:58]} 15. Bc4 {[%clk 0:42:49]} Nxg2+
{[%clk 0:54:02]} 16. Qxg2 {[%clk 0:43:16]} Bxe3 {[%clk 0:54:24]} 17. Qxg7
{[%clk 0:43:27]} Qh4+ {[%clk 0:54:47]} 18. Ke2 {[%clk 0:42:22]} Qf2+
{[%clk 0:53:32]} 19. Kd3 {[%clk 0:41:04]} Rf8 {[%clk 0:52:45]} 20. N1d2
{[%clk 0:33:44]} Bf4 {[%clk 0:49:55]} 21. Raf1 {[%clk 0:30:39]} Qh4
{[%clk 0:44:14]} 22. Bd5 {[%clk 0:22:59]} Ne7 {[%clk 0:39:34]} 23. Nc4
{[%clk 0:20:52]} Nxd5 {[%clk 0:39:43]} 24. Nxd6+ {[%clk 0:21:17]} Ke7
{[%clk 0:39:55]} 25. exd5 {[%clk 0:17:58]} Qh3+ {[%clk 0:39:04]} 26. Kc4
{[%clk 0:18:04]} Bxf5 {[%clk 0:38:55]} 27. Rxf4 {[%clk 0:18:06]} Kxd6
{[%clk 0:31:36]} 28. Qf6+ {[%clk 0:17:59]} Be6 {[%clk 0:29:39]} 29. dxe6
{[%clk 0:17:13]} fxe6 {[%clk 0:28:25]} 30. Rd1+ {[%clk 0:17:36]} Kc6
{[%clk 0:28:09]} 31. Qxe5 {[%clk 0:18:02]} Rxf4+ {[%clk 0:28:12]} 32. Qxf4
{[%clk 0:18:29]} b5+ {[%clk 0:27:15]} 33. Kb4 {[%clk 0:18:56]} 1-0

[Event "European Youth Chess Championship G16"]
[Site "Prague, Top Hotel Prague"]
[Date "2012.08.18"]
[Round "2.6"]
[White "Navrotescu, Andreea-Cristiana"]
[Black "Shakhmurzova, Fatima"]
[Result "0-1"]
[PlyCount "0"]
[BlackElo "1905"]
[WhiteElo "2090"]

1. d4 {[%clk 1:30:58]} d5 {[%clk 1:30:46]} 2. c4 {[%clk 1:31:21]} e6
{[%clk 1:31:13]} 3. Nc3 {[%clk 1:31:28]} c6 {[%clk 1:31:39]} 4. Nf3
{[%clk 1:31:36]} dxc4 {[%clk 1:32:04]} 5. a4 {[%clk 1:27:31]} Bb4
{[%clk 1:31:43]} 6. e4 {[%clk 1:23:58]} b5 {[%clk 1:30:53]} 7. Be2
{[%clk 1:15:10]} Bb7 {[%clk 1:30:37]} 8. O-O {[%clk 1:15:09]} a6 {[%clk 1:30:58]}
9. e5 {[%clk 1:09:55]} h6 {[%clk 1:24:02]} 10. Ne4 {[%clk 1:09:26]} Nd7
{[%clk 1:23:18]} 11. b3 {[%clk 1:07:19]} cxb3 {[%clk 0:54:55]} 12. Qxb3
{[%clk 1:07:47]} Be7 {[%clk 0:55:02]} 13. Ba3 {[%clk 1:02:39]} Qb8
{[%clk 0:44:38]} 14. Bxe7 {[%clk 1:00:07]} Nxe7 {[%clk 0:45:06]} 15. Nd6+
{[%clk 1:00:29]} Kf8 {[%clk 0:45:27]} 16. Nh4 {[%clk 0:53:45]} c5
{[%clk 0:33:45]} 17. axb5 {[%clk 0:48:33]} cxd4 {[%clk 0:32:42]} 18. bxa6
{[%clk 0:46:34]} Bxa6 {[%clk 0:24:58]} 19. Qxb8+ {[%clk 0:34:22]} Nxb8
{[%clk 0:20:16]} 20. Rfb1 {[%clk 0:33:37]} Nec6 {[%clk 0:19:26]} 21. Bxa6
{[%clk 0:10:53]} Rxa6 {[%clk 0:18:10]} 22. Rxa6 {[%clk 0:11:16]} Nxa6
{[%clk 0:18:39]} 23. Rb6 {[%clk 0:11:20]} Nab4 {[%clk 0:16:22]} 24. Rb7
{[%clk 0:08:26]} d3 {[%clk 0:15:13]} 25. Kf1 {[%clk 0:07:55]} Nxe5
{[%clk 0:13:55]} 26. Rxb4 {[%clk 0:08:17]} Ke7 {[%clk 0:14:16]} 27. Nc4
{[%clk 0:03:43]} Rc8 {[%clk 0:13:07]} 28. Rb7+ {[%clk 0:02:52]} Kf8
{[%clk 0:13:14]} 29. Rxf7+ {[%clk 0:02:38]} Nxf7 {[%clk 0:13:24]} 30. Ng6+
{[%clk 0:03:04]} Ke8 {[%clk 0:13:24]} 0-1

[Event "European Youth Chess Championship G16"]
[Site "Prague, Top Hotel Prague"]
[Date "2012.08.18"]
[Round "2.7"]
[White "Hincu, Olga"]
[Black "Shamatava, Ana"]
[Result "1-0"]
[PlyCount "0"]
[BlackElo "2086"]
[WhiteElo "1931"]

1. c4 {[%clk 1:30:58]} Nf6 {[%clk 1:29:19]} 2. Nc3 {[%clk 1:31:12]} e5
{[%clk 1:29:19]} 3. d3 {[%clk 1:31:32]} d5 {[%clk 1:23:30]} 4. cxd5
{[%clk 1:31:51]} Nxd5 {[%clk 1:23:56]} 5. g3 {[%clk 1:31:25]} Nb6
{[%clk 1:20:38]} 6. Bg2 {[%clk 1:31:43]} Be7 {[%clk 1:20:40]} 7. Nf3
{[%clk 1:32:04]} Nc6 {[%clk 1:21:05]} 8. O-O {[%clk 1:32:20]} O-O
{[%clk 1:21:17]} 9. Rb1 {[%clk 1:30:39]} Re8 {[%clk 1:18:22]} 10. Bd2
{[%clk 1:23:57]} Bg4 {[%clk 1:10:20]} 11. Ne4 {[%clk 1:18:32]} Bf8
{[%clk 1:02:40]} 12. b4 {[%clk 1:14:05]} Rb8 {[%clk 0:58:09]} 13. a4
{[%clk 1:04:54]} Bh5 {[%clk 0:45:33]} 14. a5 {[%clk 0:47:09]} Nd5
{[%clk 0:45:09]} 15. Qa4 {[%clk 0:37:58]} Nd4 {[%clk 0:38:48]} 16. Nxd4
{[%clk 0:37:19]} exd4 {[%clk 0:39:11]} 17. Rfe1 {[%clk 0:33:58]} c6
{[%clk 0:33:31]} 18. b5 {[%clk 0:29:54]} c5 {[%clk 0:30:40]} 19. Qc4
{[%clk 0:26:38]} b6 {[%clk 0:21:07]} 20. Ng5 {[%clk 0:16:20]} Nc3
{[%clk 0:11:37]} 21. Bf3 {[%clk 0:11:57]} Bg6 {[%clk 0:07:35]} 22. Ra1
{[%clk 0:09:22]} h6 {[%clk 0:04:30]} 23. Nh3 {[%clk 0:08:17]} Bf5
{[%clk 0:04:31]} 24. Nf4 {[%clk 0:06:27]} Bd6 {[%clk 0:04:05]} 25. Nd5
{[%clk 0:03:02]} Nxd5 {[%clk 0:03:24]} 26. Bxd5 {[%clk 0:03:24]} Re7
{[%clk 0:03:04]} 27. Ra2 {[%clk 0:03:16]} Qc7 {[%clk 0:01:51]} 28. Rea1
{[%clk 0:02:01]} Bg6 {[%clk 0:01:29]} 29. axb6 {[%clk 0:01:30]} axb6
{[%clk 0:01:29]} 30. Ra8 {[%clk 0:01:30]} Qd8 {[%clk 0:01:29]} 31. Bf3
{[%clk 0:01:30]} Kh7 {[%clk 0:01:29]} 32. Qd5 {[%clk 0:01:30]} Rd7
{[%clk 0:01:29]} 33. Qc6 {[%clk 0:01:30]} f6 {[%clk 0:00:35]} 34. R1a6 Be8
{[%clk 0:00:42]} 35. Be4+ {[%clk 0:01:59]} Kh8 {[%clk 0:01:03]} 36. Rxb8
{[%clk 0:02:07]} Bxb8 {[%clk 0:00:50]} 37. Qxb6 {[%clk 0:02:04]} Bc7
{[%clk 0:00:35]} 38. Qxc5 {[%clk 0:02:22]} Bd6 {[%clk 0:00:52]} 39. Qf5
{[%clk 0:02:31]} g6 {[%clk 0:01:19]} 40. Qf3 {[%clk 0:32:18]} Rh7
{[%clk 0:31:06]} 41. Ra8 {[%clk 0:31:40]} 1-0

[Event "European Youth Chess Championship G16"]
[Site "Prague, Top Hotel Prague"]
[Date "2012.08.18"]
[Round "2.8"]
[White "Kostitsina, Liubov"]
[Black "Soyunlu, Narmin"]
[Result "1/2-1/2"]
[PlyCount "0"]
[BlackElo "1895"]
[WhiteElo "2057"]

1. e4 {[%clk 1:30:21]} e6 {[%clk 1:30:30]} 2. d4 {[%clk 1:30:44]} d5
{[%clk 1:30:54]} 3. Nc3 {[%clk 1:31:02]} Nf6 {[%clk 1:30:53]} 4. Bg5
{[%clk 1:31:01]} Bb4 {[%clk 1:31:11]} 5. e5 {[%clk 1:31:17]} h6 {[%clk 1:31:35]}
6. Bd2 {[%clk 1:31:42]} Bxc3 {[%clk 1:31:53]} 7. bxc3 {[%clk 1:32:08]} Ne4
{[%clk 1:32:18]} 8. Qg4 {[%clk 1:32:05]} g6 {[%clk 1:32:32]} 9. Bd3
{[%clk 1:32:27]} Nxd2 {[%clk 1:32:54]} 10. Kxd2 {[%clk 1:32:54]} c5
{[%clk 1:33:15]} 11. Nf3 {[%clk 1:31:38]} Nc6 {[%clk 1:33:20]} 12. dxc5
{[%clk 1:16:43]} Qa5 {[%clk 1:30:02]} 13. Qf4 {[%clk 1:16:34]} Qxc5
{[%clk 1:29:46]} 14. Nd4 {[%clk 1:16:46]} a6 {[%clk 1:24:36]} 15. Rhb1
{[%clk 1:11:49]} Na5 {[%clk 1:14:36]} 16. Rb4 {[%clk 0:49:59]} Bd7
{[%clk 1:01:19]} 17. Rab1 {[%clk 0:33:05]} Rc8 {[%clk 1:00:58]} 18. Ne2
{[%clk 0:33:20]} b5 {[%clk 1:01:23]} 19. Qf6 {[%clk 0:32:13]} Rg8
{[%clk 0:53:24]} 20. Rh4 {[%clk 0:28:43]} h5 {[%clk 0:39:27]} 21. g4
{[%clk 0:27:10]} Qe7 {[%clk 0:29:51]} 22. Qxe7+ {[%clk 0:13:37]} Kxe7
{[%clk 0:30:15]} 23. gxh5 {[%clk 0:14:01]} g5 {[%clk 0:26:48]} 24. Rg4
{[%clk 0:14:20]} Nc6 {[%clk 0:26:38]} 25. f4 {[%clk 0:03:09]} gxf4
{[%clk 0:26:37]} 26. Rxf4 {[%clk 0:03:29]} Nxe5 {[%clk 0:26:40]} 27. Ng3
{[%clk 0:01:47]} Ng4 {[%clk 0:20:32]} 28. Re1 {[%clk 0:01:27]} Kf8
{[%clk 0:16:22]} 29. h3 {[%clk 0:00:47]} Nh6 {[%clk 0:12:05]} 30. Ne2
{[%clk 0:00:54]} f5 {[%clk 0:06:29]} 31. Nd4 {[%clk 0:01:00]} Rg2+
{[%clk 0:06:21]} 32. Kc1 {[%clk 0:01:05]} Re8 {[%clk 0:05:56]} 33. Rff1
{[%clk 0:00:43]} Rg5 {[%clk 0:04:04]} 34. Be2 {[%clk 0:00:49]} e5
{[%clk 0:03:59]} 35. Nf3 {[%clk 0:01:15]} Rg3 {[%clk 0:03:54]} 36. Nh4
{[%clk 0:00:38]} Rxc3 {[%clk 0:02:35]} 37. Bg4 {[%clk 0:00:44]} Rec8
{[%clk 0:00:39]} 38. Rxe5 {[%clk 0:00:38]} Rxc2+ {[%clk 0:00:59]} 39. Kb1
{[%clk 0:01:05]} d4 {[%clk 0:00:35]} 40. Ng6+ {[%clk 0:30:52]} Kg8
{[%clk 0:30:35]} 41. Ne7+ {[%clk 0:13:34]} Kf7 {[%clk 0:24:44]} 42. Nxc8
{[%clk 0:13:47]} Rxc8 {[%clk 0:25:03]} 43. Bf3 {[%clk 0:12:55]} Rc3
{[%clk 0:20:21]} 44. Bb7 {[%clk 0:05:21]} Rxh3 {[%clk 0:10:44]} 45. Rfe1
{[%clk 0:01:59]} Ng8 {[%clk 0:10:38]} 46. Bxa6 {[%clk 0:02:08]} f4
{[%clk 0:05:54]} 47. a4 {[%clk 0:01:26]} bxa4 {[%clk 0:04:23]} 48. Bc4+
{[%clk 0:01:47]} Kf8 {[%clk 0:04:35]} 49. Rd5 {[%clk 0:02:03]} Nf6
{[%clk 0:04:08]} 50. Rxd4 {[%clk 0:01:29]} Bf5+ {[%clk 0:02:21]} 51. Ka2
{[%clk 0:01:54]} Nxh5 {[%clk 0:01:00]} 52. Rd8+ {[%clk 0:00:55]} Kg7
{[%clk 0:01:25]} 53. Rg8+ {[%clk 0:00:55]} Kf6 {[%clk 0:00:44]} 54. Rf8+
{[%clk 0:00:54]} Kg6 {[%clk 0:00:57]} 55. Re7 {[%clk 0:00:42]} f3
{[%clk 0:00:37]} 56. Rg8+ {[%clk 0:00:48]} Kf6 {[%clk 0:00:35]} 57. Rf7+
{[%clk 0:01:10]} Ke5 {[%clk 0:01:00]} 58. Re8+ {[%clk 0:00:57]} Kd4
{[%clk 0:01:25]} 59. Rxf5 {[%clk 0:00:46]} Kxc4 {[%clk 0:00:39]} 60. Rh8
{[%clk 0:01:07]} Rh2+ {[%clk 0:00:42]} 61. Ka3 {[%clk 0:01:24]} f2
{[%clk 0:00:52]} 62. Rhf8 {[%clk 0:01:25]} Rh3+ {[%clk 0:00:45]} 63. Ka2
{[%clk 0:01:29]} Rh2 {[%clk 0:00:35]} 64. Rxf2 {[%clk 0:01:52]} Rxf2+
{[%clk 0:00:51]} 65. Rxf2 {[%clk 0:02:20]} Ng3 {[%clk 0:01:00]} 66. Rf4+
{[%clk 0:02:34]} Kd5 {[%clk 0:01:12]} 67. Ka3 {[%clk 0:02:38]} Ne4
{[%clk 0:01:07]} 68. Kxa4 {[%clk 0:02:59]} Ke5 {[%clk 0:01:22]} 69. Rf8
{[%clk 0:02:04]} Kd5 {[%clk 0:01:17]} 70. Kb4 {[%clk 0:02:19]} Nd6
{[%clk 0:01:23]} 71. Rh8 {[%clk 0:02:19]} Ne4 {[%clk 0:01:20]} 72. Rd8+
{[%clk 0:02:15]} Ke5 {[%clk 0:01:32]} 73. Kc4 {[%clk 0:01:43]} Nd6+
{[%clk 0:01:49]} 74. Kd3 {[%clk 0:02:08]} Kd5 {[%clk 0:02:08]} 75. Rh8
{[%clk 0:01:59]} Ke5 {[%clk 0:02:06]} 76. Rh1 {[%clk 0:00:49]} Nf5
{[%clk 0:01:55]} 77. Rf1 {[%clk 0:00:54]} Nd6 {[%clk 0:02:01]} 78. Ra1
{[%clk 0:01:04]} Nf5 {[%clk 0:01:41]} 79. Ra4 {[%clk 0:01:05]} Nd6
{[%clk 0:01:18]} 80. Ra5+ {[%clk 0:01:28]} Kf4 {[%clk 0:01:12]} 81. Kd4
{[%clk 0:01:31]} Nf5+ {[%clk 0:01:32]} 82. Kd5 {[%clk 0:01:51]} Ne3+
{[%clk 0:01:48]} 83. Ke6 {[%clk 0:02:12]} Ke4 {[%clk 0:01:46]} 84. Ra4+
{[%clk 0:01:12]} Kd3 {[%clk 0:02:07]} 85. Ke5 {[%clk 0:01:28]} Nc4+
{[%clk 0:02:32]} 86. Kf4 {[%clk 0:01:50]} Kd4 {[%clk 0:02:58]} 87. Ra8
{[%clk 0:02:00]} Kd5 {[%clk 0:02:35]} 88. Rc8 {[%clk 0:01:59]} Kd4
{[%clk 0:02:35]} 89. Rc7 {[%clk 0:01:09]} Kd5 {[%clk 0:02:26]} 90. Rd7+
{[%clk 0:00:59]} Nd6 {[%clk 0:02:09]} 91. Rh7 {[%clk 0:01:00]} Nc4
{[%clk 0:02:23]} 92. Rh1 {[%clk 0:01:02]} Kd4 {[%clk 0:01:35]} 93. Rd1+
{[%clk 0:01:14]} Kc5 {[%clk 0:01:49]} 94. Ke4 {[%clk 0:01:19]} Nd6+
{[%clk 0:01:59]} 95. Ke5 {[%clk 0:01:43]} Nc4+ {[%clk 0:02:23]} 96. Ke6
{[%clk 0:02:09]} Ne3 {[%clk 0:02:29]} 97. Rd8 {[%clk 0:02:08]} Nc4
{[%clk 0:02:41]} 98. Rd5+ {[%clk 0:02:16]} Kc6 {[%clk 0:02:29]} 99. Rd4
{[%clk 0:02:37]} Kc5 {[%clk 0:02:46]} 100. Rxc4+ {[%clk 0:02:04]} Kxc4
{[%clk 0:03:10]} 1/2-1/2